Statistics for Charmed Trivia: Hard

Click here to take the quiz!

General Stats

  • This quiz has been taken 71 times
    (37 since last reset)
  • The average score is 11 of 15

Answer Stats

HintAnswer% Correct
who was the first sister to get
married officially?
Piper
97%
who played Phoebe?Alyssa Milano
94%
who ruins Piper's wedding?Prue
94%
name all of sisters as of season 1
from oldest to youngest
Prue, Piper,
Phoebe
94%
who played Piper?Holly Marie Combs
85%
what is the name of there
mom's white lighter?
Sam
82%
who played Prue?Shannen Doherty
82%
what was prue's fear in season 1?drowning
79%
how did there mother die?drowning/
She drowned
79%
what do they find out in season 4
episode 1
they have a sister named
Paige/
Paige
73%
what are Prue's power'stelekinesis/
astral projection
70%
who played LeoBrian Krause
64%
what are Piper's powersmolecular
immobilization/
molecular combustion/
freezing
64%
what are Phoebe's powerspremonitions /
levitation/
Visions
64%
in the episode where piper's
bartender wants to be Prue.
what was the bartender's name?
Abby
30%

Score Distribution

Percentile by Number Answered

Percent of People with Each Score

Your Score History

You have not taken this quiz since the last reset